| 000 | 01023nam a22002177a 4500 | ||
|---|---|---|---|
| 999 |
_c1192 _d1192 |
||
| 003 | AR-CdUCM | ||
| 008 | 190226b ||||| |||| 00| 0 spa d | ||
| 040 |
_aMUNICIPALIDAD PROVINCIAL DEL CUSCO _cBIBLIOTECA MUNICIPAL DEL CUSCO |
||
| 082 |
_22ed. _a190.4 / _bR91 |
||
| 100 |
_aRubinstein, S.L. _94662 |
||
| 245 |
_aEl ser y la conciencia : _by el pensamiento y los caminos de su investigación / |
||
| 260 |
_aMéxico : _bGrijalbo s.a, _c1963. |
||
| 300 |
_a427 páginas ; _c22 cm. |
||
| 505 | _aContenido: Los fenómenos psíquicos y el mundo material -- La actividad psíquica y la realidad objetiva. El problema del conocimiento -- La actividad psíquica y el cerebro. El problema de la determinación de los fenomenos psíquicos -- Actividad psíquica y propiedades psíquicas del hombre ... | ||
| 650 |
_aActividad psíquica _94663 |
||
| 650 |
_aConocimiento sensorial _94664 |
||
| 650 |
_aCognoscitivo _94665 |
||
| 700 |
_aVidal Roget, Augusto (traductor) _94666 |
||
| 942 |
_2ddc _cLIBROS |
||
| 945 |
_aafb _d2019-02-26 |
||